[Event "TCh-SRB 1st League"]
[Site "Kragujevac SRB"]
[Date "2009.09.12"]
[Round "11"]
[White "Solak,D"]
[Black "Ivanisevic,I"]
[Result "0-1"]
[WhiteElo "2583"]
[BlackElo "2614"]

1.e4 c5 2.Nf3 e6 3.d4 cxd4 4.Nxd4 Nc6 5.Nc3 Qc7 6.Be3 a6 7.Bd3 Nf6 8.O-O Nxd4
9.Bxd4 Bc5 10.Bxc5 Qxc5 11.Qd2 d6 12.Rae1 e5 13.Re3 Be6 14.Rg3 Nh5 15.Rg5 g6
16.Rxh5 gxh5 17.Qg5 Kd7 18.Nd1 Rag8 19.Qxh5 h6 20.Ne3 Rg5 21.Qf3 Rc8 22.Rd1 Kc7
23.a4 Qc6 24.h4 Rgg8 25.b3 f5 26.Nxf5 Rcf8 27.Qh3 h5 28.f3 d5 29.Kh1 dxe4
30.Bxe4 Qc3 31.Rg1 Kb8 32.Kh2 Qd2 33.Kh1 Qf4 34.g3 Bxf5 35.gxf4 Bxh3 36.fxe5 Rxg1+
37.Kxg1 Bf5 38.Bd5 Bxc2 39.Kf2 Rf5  0-1

[Event "TCh-POL"]
[Site "Lublin POL"]
[Date "2009.09.12"]
[Round "1"]
[White "Szoen,D"]
[Black "Cyborowski,L"]
[Result "1/2-1/2"]
[WhiteElo "2447"]
[BlackElo "2503"]

1.e4 c5 2.Nc3 e6 3.Nf3 Nc6 4.d4 cxd4 5.Nxd4 Qc7 6.Be2 Nf6 7.O-O Be7 8.Kh1 O-O
9.f4 d6 10.Be3 Nxd4 11.Bxd4 e5 12.Bg1 exf4 13.Bd4 Be6 14.Rxf4 Nd7 15.Nd5 Bxd5
16.exd5 Bf6 17.Bxf6 Nxf6 18.Rxf6 gxf6 19.Bd3 f5 20.Qh5 Rae8 21.Bxf5 f6 22.Be6+ Kh8
23.Qf5 Qb6 24.b3 Qe3 25.Rf1 Re7 26.h3 Rg7 27.c4 Rg5 28.Qc2 Re5 29.Kh2 Qe2
30.Qc1 Rg5 31.Qxg5 fxg5 32.Rxf8+ Kg7 33.Rf7+ Kg6 34.Rxb7 Qe5+ 35.Kh1 h5 36.Rb8 Qe1+
37.Kh2 Qe5+ 38.Kh1 Qa1+ 39.Kh2 Qe5+ 40.Kh1 Qa1+ 41.Kh2 a5 42.a4 Qe5+ 43.Kh1 Qc3
44.Kh2 Kf6 45.Rf8+ Ke7 46.Rf7+ Kd8 47.Rf3 Qe5+ 48.Kh1 Qe2 49.Kh2 Kc7 50.Kh1 Kb6
51.Kh2 Kc5 52.Kh1 Qe4 53.Kh2 Kb4 54.Kh1 Ka3 55.Kh2 Kb2 56.Kh1 Kc1 57.Kh2 Kd2
58.Kh1 Ke1 59.Kh2 g4 60.hxg4 hxg4 61.Bxg4 Qxg4 62.Kg1 Qd4+ 63.Kh2 Qh4+  1/2-1/2

[Event "ch-RUS HL"]
[Site "Ulan Ude RUS"]
[Date "2009.09.12"]
[Round "10"]
[White "Vitiugov,N"]
[Black "Potkin,V"]
[Result "1-0"]
[WhiteElo "2681"]
[BlackElo "2606"]

1.e4 c5 2.Nf3 e6 3.d4 cxd4 4.Nxd4 Nc6 5.Nc3 Qc7 6.Be3 a6 7.Qd2 Nf6 8.O-O-O Be7
9.f3 h5 10.Kb1 b5 11.Nxc6 dxc6 12.Qf2 Nd7 13.g3 Bb7 14.Bf4 Qb6 15.Qe1 c5
16.h4 c4 17.Bg5 Bxg5 18.hxg5 O-O-O 19.a3 Ne5 20.Be2 g6 21.f4 Nd7 22.g4 Qe3
23.gxh5 Qxf4 24.Qg1 Qe5 25.h6 Nc5 26.Rxd8+ Rxd8 27.Bf3 Nd7 28.Qe3 f6 29.gxf6 Qxf6
30.Bg4 g5 31.Qh3 Nc5 32.h7 Rh8 33.Nd5 Qf7 34.Rf1 Qe8 35.Qh2 Bxd5 36.exd5 Qe7
37.dxe6 Rxh7  1-0

[Event "ch-NED"]
[Site "Haaksbergen NED"]
[Date "2009.09.14"]
[Round "3"]
[White "Cuijpers,F"]
[Black "Nijboer,F"]
[Result "1/2-1/2"]
[WhiteElo "2480"]
[BlackElo "2540"]

1.e4 c5 2.Nf3 e6 3.d4 cxd4 4.Nxd4 Nc6 5.Nc3 Qc7 6.Be2 Nf6 7.Be3 Be7 8.O-O O-O
9.f4 d6 10.Kh1 Nxd4 11.Qxd4 b6 12.e5 dxe5 13.fxe5 Nd7 14.Bf3 Ba6 15.Bxa8 Bxf1
16.Rxf1 Rxa8 17.Bf4 Qc6 18.Rd1 Rd8 19.Qe3 Nf8 20.Rd3 Bc5 21.Qe2 Rxd3 22.Qxd3 Qd7
23.Ne2 h6 24.h3 b5 25.Kh2 a6 26.b3 Bb6 27.h4 Qxd3 28.cxd3 Ng6 29.g3 Ne7 30.Kg2 Nc6
31.a3 g5 32.hxg5 hxg5 33.Bxg5 Nxe5 34.Nc1 f5 35.Bf4 Ng4 36.Kf3 e5 37.Bd2 Kf7
38.a4 bxa4 39.bxa4 Ke6 40.Nb3 Kd5 41.Bg5 Ba7 42.Bd2 Nf6 43.Be1 Bb8 44.Bf2 Bd6
45.Be1 e4+ 46.dxe4+ fxe4+ 47.Ke3 Ng4+ 48.Ke2 Ne5 49.Bd2 Ng4 50.Bf4 Bb4 51.Nd2 Nf6
52.Be3 Bd6 53.Bf4 Bxf4 54.gxf4 Nh5 55.Ke3 Ng3 56.Nb3 Nf5+ 57.Ke2 Nh4 58.Kd2 Kc4
59.Na5+ Kd4 60.Nb3+ Kd5 61.Ke2 Ng2 62.f5 Nf4+ 63.Ke3 Ke5 64.Nc5 Nd5+ 65.Ke2 a5
66.Nb3 Kxf5 67.Nxa5 Kf4 68.Nc4 Nc3+ 69.Ke1 Nxa4  1/2-1/2

[Event "7th ch-Mediterranean"]
[Site "Rijeka CRO"]
[Date "2009.09.14"]
[Round "6"]
[White "Calzetta Ruiz,M"]
[Black "Baptista,A"]
[Result "1-0"]
[WhiteElo "2386"]
[BlackElo "2177"]

1.e4 c5 2.Nc3 Nc6 3.Nf3 e6 4.d4 cxd4 5.Nxd4 d6 6.Be3 Nf6 7.Be2 a6 8.f4 Qc7
9.Qd2 Be7 10.O-O-O Nxd4 11.Bxd4 e5 12.Be3 Be6 13.f5 Bc4 14.g4 b5 15.g5 Nd7
16.Rhf1 b4 17.Bxc4 Qxc4 18.Nd5 Qxa2 19.Qxb4 Rb8 20.Qa3 Qxa3 21.bxa3 Bd8 22.Rf3 Rc8
23.f6 g6 24.Bd2 Nc5 25.Rc3 Kd7 26.Rc4 Ke6 27.Be3 Ba5 28.Ne7 Rc7 29.Nd5 Rcc8
30.Ne7 Rc7 31.Bxc5 Rxc5 32.Rxc5 dxc5 33.Rd5 Rd8 34.Nc6  1-0

[Event "TCh-POL"]
[Site "Lublin POL"]
[Date "2009.09.15"]
[Round "4"]
[White "Talla,V"]
[Black "Gajewski,G"]
[Result "0-1"]
[WhiteElo "2483"]
[BlackElo "2572"]

1.e4 c5 2.Nf3 e6 3.d4 cxd4 4.Nxd4 Nc6 5.Nc3 Qc7 6.Be2 Nf6 7.a3 a6 8.Be3 Be7
9.f4 O-O 10.Qd2 d6 11.O-O-O Na5 12.Kb1 b5 13.f5 e5 14.Nf3 Bb7 15.Bg5 Rfd8
16.Bxf6 Bxf6 17.Nd5 Bxd5 18.Qxd5 Rab8 19.g4 b4 20.a4 Rdc8 21.Rc1 Qb6 22.g5 Rc5
23.Qd3 Be7 24.Qxa6 Qc7 25.Qd3 Qc6 26.f6 Bf8 27.b3 Rc8 28.Nd2 d5 29.Qa6 Qc7
30.exd5 Rxc2 31.Qxc8 Qxc8 32.Rxc2 Qh3 33.Rd1 h6 34.fxg7 Kxg7 35.Bc4 hxg5
36.Ne4 Nxc4 37.bxc4 Qb3+ 38.Kc1 Qe3+ 39.Kb2 Qxe4 40.d6 Qf3  0-1

[Event "XingQiu Open"]
[Site "Lishui CHN"]
[Date "2009.09.17"]
[Round "1"]
[White "Zhang Jilin"]
[Black "Dzagnidze,N"]
[Result "0-1"]
[WhiteElo "2290"]
[BlackElo "2535"]

1.e4 c5 2.Nf3 e6 3.d4 cxd4 4.Nxd4 Nc6 5.Nc3 Qc7 6.Be2 a6 7.O-O Nf6 8.Kh1 Bb4
9.Bg5 Ne5 10.f4 Nc4 11.Bxc4 Qxc4 12.Qd3 b5 13.a4 Qxd3 14.cxd3 bxa4 15.Rxa4 Rb8
16.Ndb5 a5 17.e5 Ng4 18.Nc7+ Kf8 19.Ne4 Bb7 20.Raa1 h6 21.Bh4 g5 22.Bg3 Ne3
23.Rf2 Nf5 24.Rff1 Ke7 25.Bf2 gxf4 26.Ba7 Rbc8 27.Bb6 d6 28.exd6+ Nxd6 29.Rxf4 Nxe4
30.Rxe4 Bxe4 31.dxe4 Rhd8 32.Na6 Rd6  0-1

[Event "TCh-SRB w"]
[Site "Pozarevac SRB"]
[Date "2009.09.17"]
[Round "4"]
[White "Rudolf,An"]
[Black "Genova,Ly"]
[Result "1/2-1/2"]
[WhiteElo "2313"]
[BlackElo "2209"]

1.e4 c5 2.Nf3 e6 3.d4 cxd4 4.Nxd4 Nc6 5.Nc3 Qc7 6.g3 a6 7.Bg2 d6 8.O-O Bd7
9.Be3 Nf6 10.a4 Be7 11.f4 O-O 12.Nb3 Na5 13.Nxa5 Qxa5 14.Bd4 e5 15.Bf2 Bc6
16.Nd5 Bxd5 17.exd5 exf4 18.gxf4 Nd7 19.Bd4 Bf6 20.Ra3 Bxd4+ 21.Qxd4 Qb6
22.Qxb6 Nxb6 23.Rb3 Nxa4 24.Rxb7 Rfb8 25.Rxb8+ Rxb8 26.Ra1 Nc5 27.Bf1 Rxb2
28.Rxa6 g6  1/2-1/2

[Event "Quality Chess Int"]
[Site "Edinburgh SCO"]
[Date "2009.09.19"]
[Round "8"]
[White "Eggleston,D"]
[Black "Andersen,Mad"]
[Result "1-0"]
[WhiteElo "2368"]
[BlackElo "2338"]

1.e4 c5 2.Nc3 Nc6 3.Nge2 e6 4.d4 cxd4 5.Nxd4 Qc7 6.Be3 a6 7.Bd3 Nf6 8.O-O Ne5
9.h3 Bc5 10.Qe2 d6 11.f4 Ng6 12.Qf2 b6 13.g4 h6 14.Kh1 Qb7 15.a4 Ra7 16.Rab1 Bb4
17.Nf3 Bc5 18.b4 Bxe3 19.Qxe3 e5 20.fxe5 dxe5 21.Nd5 Nxd5 22.exd5 O-O 23.Bxg6 fxg6
24.c4 b5 25.Nxe5 Re8 26.Qd4 bxc4 27.Nc6 Ra8 28.Rbe1 Be6 29.Qxc4 Bf7 30.Qc5 Rxe1
31.Rxe1 Re8 32.Rxe8+ Bxe8 33.Kg2 Kh7 34.a5 Bf7 35.Kf2 g5 36.Qe7 Qb5 37.Qxf7 Qc4
38.Qf5+ Kh8 39.Ke3 Qc1+ 40.Kd4 Qg1+ 41.Ke5  1-0

[Event "TCh-ROU Superliga"]
[Site "Eforie Nord ROU"]
[Date "2009.09.19"]
[Round "1"]
[White "Baratosi,D"]
[Black "Svetushkin,D"]
[Result "0-1"]
[WhiteElo "2413"]
[BlackElo "2570"]

1.e4 c5 2.Nf3 e6 3.d4 cxd4 4.Nxd4 Nc6 5.Nc3 Qc7 6.g3 a6 7.Bg2 d6 8.O-O Bd7
9.Re1 Be7 10.a4 Nf6 11.Nxc6 Bxc6 12.Be3 b6 13.Qd4 Rb8 14.Rad1 O-O 15.Bg5 Rfc8
16.Re2 Qb7 17.Rde1 h6 18.Bc1 b5 19.axb5 axb5 20.b3 b4 21.Nd5 Bd8 22.Nxf6+ Bxf6
23.Qxd6 Rd8 24.Qf4 Bc3 25.Qg4 Kh7 26.Rf1 Bb5 27.e5 Bxe2 28.Qxe2 Qb5 29.Qg4 Bxe5
30.Qh5 Kg8 31.Kh1 Bf6  0-1

[Event "ch-NED"]
[Site "Haaksbergen NED"]
[Date "2009.09.19"]
[Round "8"]
[White "Nijboer,F"]
[Black "Swinkels,R"]
[Result "1-0"]
[WhiteElo "2540"]
[BlackElo "2511"]

1.e4 c5 2.Nf3 e6 3.Nc3 Nc6 4.d4 cxd4 5.Nxd4 Qc7 6.f4 a6 7.Nxc6 Qxc6 8.Be2 b5
9.Bf3 Bb7 10.Be3 Rc8 11.a3 Qc7 12.Qd4 h5 13.O-O-O Nf6 14.e5 Ng4 15.Rd3 Bxf3
16.gxf3 Nh6 17.Rhd1 Nf5 18.Qb6 Qxb6 19.Bxb6 Be7 20.Rxd7 O-O 21.Ne4 Rc6 22.Ba5 Rfc8
23.Kb1 Rxc2 24.Nd6 Bxd6 25.exd6 R2c6 26.Rd3 Kf8 27.Bb4 a5 28.Rc7 R8xc7 29.d7+ Kg8
30.d8=Q+ Kh7 31.Bxa5  1-0

[Event "XingQiu Open"]
[Site "Lishui CHN"]
[Date "2009.09.19"]
[Round "3"]
[White "Lu Yijie"]
[Black "Dzagnidze,N"]
[Result "0-1"]
[WhiteElo "2330"]
[BlackElo "2535"]

1.e4 c5 2.Nf3 e6 3.d4 cxd4 4.Nxd4 Nc6 5.Nc3 Qc7 6.Be3 a6 7.Be2 Nf6 8.a3 b5
9.f3 Bb7 10.Qd2 Rc8 11.g4 Nxd4 12.Bxd4 e5 13.Bf2 Be7 14.Rc1 O-O 15.Nd5 Nxd5
16.exd5 f5 17.gxf5 Rxf5 18.c4 Bg5 19.Be3 Bxe3 20.Qxe3 Bxd5 21.b3 Rf4 22.Rd1 Bc6
23.c5 e4 24.Rd4 Qe5 25.b4 Rcf8 26.fxe4 Rh4 27.h3 Rxe4 28.Rxe4 Bxe4 29.Rf1 Qa1+
30.Kd2 Qb2+ 31.Ke1 Re8 32.Bf3 Qc2 33.Bd1 Qd3 34.Rf3 Qb1 35.Qb3+ Bd5+  0-1

[Event "Uxbridge Congress Open"]
[Site "Uxbridge ENG"]
[Date "2009.09.19"]
[Round "2"]
[White "Ociepka,A"]
[Black "Harley Yeo,G"]
[Result "1-0"]
[WhiteElo "2127"]
[BlackElo "2059"]

1.e4 c5 2.Nf3 e6 3.d4 cxd4 4.Nxd4 Nc6 5.Nc3 a6 6.Nxc6 bxc6 7.Bd3 d5 8.O-O Nf6
9.Re1 Be7 10.e5 Nd7 11.Qg4 g6 12.Bh6 Rb8 13.Rab1 Rb4 14.Qe2 Nc5 15.Qd2 Nxd3
16.cxd3 Rg8 17.Bf4 g5 18.Bg3 h5 19.a3 Rb8 20.f4 h4 21.Bf2 g4 22.g3 h3 23.b4 a5
24.Ba7 Rb7 25.Bc5 axb4 26.axb4 Bxc5+ 27.bxc5 Qe7 28.d4 Kf8 29.Na4 Ra7 30.Nb6 Ba6
31.Ra1 Bb5 32.Nc8 Rxa1 33.Rxa1 Qd7 34.Nb6 Qe7 35.Qd1 Rg6 36.Ra8+ Kg7 37.Qa1 Kh7
38.Nc8 Qc7 39.Nd6 Rg7 40.Ne8 Qb7 41.Nf6+  1-0

[Event "TCh-ROU Superliga"]
[Site "Eforie Nord ROU"]
[Date "2009.09.20"]
[Round "2"]
[White "Nevednichy,V"]
[Black "Doncea,V"]
[Result "1/2-1/2"]
[WhiteElo "2601"]
[BlackElo "2492"]

1.e4 c5 2.Nf3 e6 3.Nc3 Nc6 4.d4 cxd4 5.Nxd4 Nf6 6.a3 d6 7.Bc4 Be7 8.Ba2 d5
9.exd5 exd5 10.O-O O-O 11.Be3 Ne5 12.h3 a6 13.Re1 Nc4 14.Bxc4 dxc4 15.Qf3 Qc7
16.Bg5 Qc5 17.Be3 Qe5 18.Bf4 Qxd4 19.Rxe7 Qb6 20.Be5 Nd7 21.Re1 Nxe5 22.R1xe5 Qxb2
23.Qg3 Qxa3 24.Rc7 b5 25.Rg5 g6 26.Qe5 b4 27.Kh2 Qa1 28.Rxc4 bxc3 29.Rxg6+ fxg6
30.Rc7 Bd7 31.Rxd7 Rf7 32.Rxf7 Kxf7 33.Qd5+ Ke7 34.Qb7+ Kd6 35.Qxa8 Qa5 36.f4 Kc5
37.Qa7+ Qb6 38.Qxh7 a5 39.Qe7+ Qd6 40.Qa7+ Kb5 41.Qb7+ Kc5 42.Qa7+ Kc4 43.Qf7+ Kd4
44.Qg7+ Ke4 45.Qxc3 Qxf4+ 46.Kh1  1/2-1/2

[Event "TCh-ROU Superliga"]
[Site "Eforie Nord ROU"]
[Date "2009.09.21"]
[Round "3"]
[White "Parligras,M"]
[Black "Svetushkin,D"]
[Result "1/2-1/2"]
[WhiteElo "2547"]
[BlackElo "2570"]

1.e4 c5 2.Nf3 e6 3.d4 cxd4 4.Nxd4 Nc6 5.Nc3 Qc7 6.Be3 a6 7.Qd2 Nf6 8.O-O-O Be7
9.f4 Bb4 10.Bd3 Ng4 11.Bg1 Bxc3 12.bxc3 b5 13.e5 Bb7 14.Nxc6 Bxc6 15.Bc5 Bd5
16.Bd6 Qb6 17.Rde1 Bxa2 18.Be4 O-O-O 19.Kb2 Bc4 20.Ra1 Bd5 21.Bxd5 exd5 22.Qxd5 Qc6
23.Qxc6+ dxc6 24.Rxa6 Kb7 25.Rha1 Ra8 26.Rxa8 Rxa8 27.Re1 Nxh2 28.Rh1 Ng4
29.Rxh7 Rg8 30.Rh3 Nf2 31.Rh4 Ne4 32.f5 Nd2 33.Rd4 Nc4+ 34.Kb3 Kb6 35.Kb4 Ra8
36.Bc5+ Kc7 37.e6 fxe6 38.fxe6 Re8 39.Rd7+ Kc8 40.Re7 Kd8 41.Rd7+ Kc8 42.Rxg7 Rxe6
43.Bd4 Ne3 44.Kb3 Nf5 45.Rg5 Nxd4+ 46.cxd4 Kc7 47.Kc3 Re2 48.Kd3 Rf2 49.c3 Kd6
50.Ke4 Rc2 51.Rg6+ Kd7 52.Kd3 Rf2 53.g4 Rg2 54.g5 Kc7 55.Rg8 Rg3+ 56.Kc2 Kb6
57.g6 Kc7 58.Kb3 Kb7 59.Kb4 Kb6 60.Kb3 Rg2 61.g7 Kb7 62.Ka3 Rg3 63.Kb2 Rg2+
64.Kc1 Rg4 65.Kc2 Rg3 66.Kd2 Rg2+ 67.Ke3 Rg1 68.Ke4 Rg2 69.Ke5 Rg1 70.Ke6 Re1+
71.Kd6 Rg1 72.Kd7 Rg2 73.Ke6 Re2+ 74.Kd6 Rg2 75.Kc5 Rg5+ 76.Kb4 Rg1 77.d5 cxd5
78.Kxb5 Rg3 79.Kb4 Ka7 80.Ka5 Kb7 81.Kb5 Ka7 82.Ka4 Kb7 83.Kb4 Ka7 84.Kb3 Rg2
85.Ka3 Kb7 86.Kb3 Ka7 87.Rd8 Rxg7 88.Rxd5  1/2-1/2

[Event "Bolungarvik Open"]
[Site "Reykjavik ISL"]
[Date "2009.09.21"]
[Round "3"]
[White "Gunnarsson,J"]
[Black "Thorfinnsson,Br"]
[Result "1-0"]
[WhiteElo "2462"]
[BlackElo "2360"]

1.e4 c5 2.Nf3 e6 3.d4 cxd4 4.Nxd4 Nc6 5.Nc3 Qc7 6.f4 a6 7.Be3 b5 8.Be2 Bb7
9.Bf3 Nge7 10.Nb3 Ng6 11.g3 Rc8 12.O-O Na5 13.Nxa5 Qxa5 14.e5 Bxf3 15.Qxf3 Bb4
16.Ne4 O-O 17.c3 Be7 18.a3 Qc7 19.Rad1 a5 20.h4 f5 21.exf6 Bxf6 22.h5 Ne7
23.Bc5 d5 24.Nxf6+ Rxf6 25.Bd4 Rf7 26.Rde1 Qd7 27.g4 Nc6 28.Bc5 e5 29.f5 e4
30.Qf4 Re8 31.Bd4 Nxd4 32.cxd4 Qa7 33.Qe3 Rc8 34.Kg2 Rc4 35.Rd1 Qb6 36.g5 Qd8
37.Rd2 Qc8 38.Rdf2 Rc2 39.Kg3 Rxf2 40.Qxf2 g6 41.f6 gxh5 42.Qf4 Rc7 43.f7+ Kf8
44.Qd6+  1-0

[Event "TCh-SRB w"]
[Site "Pozarevac SRB"]
[Date "2009.09.22"]
[Round "9"]
[White "Videnova,I"]
[Black "Genova,Ly"]
[Result "1-0"]
[WhiteElo "2197"]
[BlackElo "2209"]

1.e4 c5 2.Nf3 e6 3.d4 cxd4 4.Nxd4 Nc6 5.Nc3 Qc7 6.Ndb5 Qb8 7.Be3 d6 8.a4 Nf6
9.Be2 Be7 10.O-O O-O 11.f4 a6 12.Na3 Rd8 13.Bf3 Qc7 14.Nc4 Na5 15.Nb6 Rb8
16.Qd3 Nd7 17.Ncd5 exd5 18.Nxd5 Nc5 19.Nxc7 Nxd3 20.cxd3 Nc6 21.Nd5 Be6 22.Nxe7+ Nxe7
23.f5 Bd7 24.Bg5 f6 25.Bf4 Bc6 26.g4 b5 27.a5 b4 28.Rfc1 Bb5 29.d4 Nc6 30.Be3 Rbc8
31.Kf2 Re8 32.Rd1 h6 33.Bf4 Rcd8 34.h4 Ne7 35.d5 Rd7 36.Bd2 b3 37.Bf4 Rc8
38.Rac1 Rc2+ 39.Rxc2 bxc2 40.Rc1 Ba4 41.Be2 g5 42.hxg5 hxg5 43.Bd2 Nc8 44.Bxa6 Na7
45.Bd3 Rc7 46.Bc3 Kf7 47.Bd4 Nb5 48.Bb6 Rc8 49.b3 Rc3 50.bxa4  1-0

[Event "USCL 2009"]
[Site "ICC INT"]
[Date "2009.09.23"]
[Round "4"]
[White "Smith,Bry"]
[Black "Shmeliov,D"]
[Result "1/2-1/2"]
[WhiteElo "2467"]
[BlackElo "2360"]

1.e4 c5 2.Nf3 e6 3.d4 cxd4 4.Nxd4 Nc6 5.Nc3 Qc7 6.Be3 a6 7.Bd3 Nf6 8.O-O Ne5
9.h3 Bc5 10.Kh1 d6 11.f4 Ng6 12.Qe2 O-O 13.Nb3 Bxe3 14.Qxe3 b5 15.a4 b4 16.Ne2 Bb7
17.a5 e5 18.fxe5 dxe5 19.Rxf6 gxf6 20.Qh6 Kh8 21.Ng3 Rg8 22.Rf1 Qe7 23.Nh5 Qf8
24.Qe3 Nf4 25.Nxf4 exf4 26.Qxf4 Qg7 27.Qxf6 Rae8 28.Nc5 Ba8 29.Bxa6 Re5 30.Qxg7+ Rxg7
31.Bb7 Rxc5 32.Bxa8 Rxc2 33.a6 Rxb2 34.Bd5 Rgxg2 35.e5 Rg3 36.Ra1 Rxh3+ 37.Kg1 Rg3+
38.Kf1 Rg8 39.a7 Rd2 40.a8=Q Rxa8 41.Rxa8+ Kg7 42.Ra5 Kg6 43.Ke1 Rd4 44.Ke2 Kf5
45.Ke3 Rh4 46.Bf3 b3 47.Rb5 b2 48.Rxb2 Kxe5 49.Rb7 f5 50.Rb5+ Kf6 51.Kf2 Rd4
52.Rb7 h6 53.Kg3 Kg5 54.Rg7+ Kf6 55.Rg8 Kf7 56.Ra8 Kf6 57.Kf2 Rh4 58.Rg8 Kf7
59.Bd5+ Kf6 60.Kf3 Rh3+ 61.Kg2 Rh4 62.Kf3  1/2-1/2

[Event "18th TCh-CRO b"]
[Site "Sibenik CRO"]
[Date "2009.09.23"]
[Round "3"]
[White "Bender,I"]
[Black "Kaps,D"]
[Result "1/2-1/2"]
[WhiteElo "2275"]
[BlackElo "2293"]

1.e4 c5 2.Nf3 Nc6 3.d4 cxd4 4.Nxd4 e6 5.Nc3 Qc7 6.Be3 a6 7.Qd2 Nf6 8.f3 b5
9.g4 h6 10.Nxc6 dxc6 11.O-O-O e5 12.Qf2 Be6 13.Bb6 Qb7 14.Kb1 Nd7 15.Be3 Be7
16.Rg1 g5 17.Rh1 a5 18.Ne2 b4 19.Nc1 a4 20.b3 c5 21.Be2 axb3 22.cxb3 Ra3
23.Qf1 Nb6 24.Bb5+ Kf8 25.Qe2 Kg7 26.h4 gxh4 27.Bf2 c4 28.bxc4 Na4 29.Bxa4 Rxa4
30.Bxh4 b3 31.axb3 Bxc4 32.Qb2 Rb4 33.Bxe7 Qxe7 34.f4 Rhb8 35.Rh3 Qf6 36.Qxe5 Qxe5
37.fxe5 Bxb3  1/2-1/2

[Event "18th TCh-CRO"]
[Site "Sibenik CRO"]
[Date "2009.09.24"]
[Round "4"]
[White "Zufic,M"]
[Black "Balogh,C"]
[Result "1/2-1/2"]
[WhiteElo "2461"]
[BlackElo "2620"]

1.e4 c5 2.Nf3 e6 3.d4 cxd4 4.Nxd4 Nc6 5.Nc3 Qc7 6.Be3 a6 7.Qd2 Nf6 8.O-O-O Bb4
9.f3 O-O 10.g4 b5 11.Kb1 Bb7 12.g5 Ne8 13.Nxc6 Bxc6 14.Qd4 Be7 15.h4 f5 16.Bd3 fxe4
17.fxe4 Qd6 18.Ne2 Bb7 19.Rhe1 Qxd4 20.Nxd4 Rc8 21.Nb3 Nc7 22.c3 Kf7 23.Bd4 Kg8
24.Bc2 d6 25.e5 Bd5 26.exd6 Bxd6 27.Bc5 Ne8  1/2-1/2

[Event "18th TCh-CRO"]
[Site "Sibenik CRO"]
[Date "2009.09.24"]
[Round "4"]
[White "Fercec,N"]
[Black "Ljubicic,F"]
[Result "1-0"]
[WhiteElo "2463"]
[BlackElo "2374"]

1.e4 c5 2.Nf3 e6 3.d4 cxd4 4.Nxd4 Nc6 5.Nc3 Qc7 6.Be3 a6 7.Qd2 Nf6 8.O-O-O Bb4
9.f3 b5 10.g4 O-O 11.g5 Ne8 12.Nxc6 Qxc6 13.h4 Ba5 14.a3 Rb8 15.h5 b4 16.axb4 Bxb4
17.g6 fxg6 18.hxg6 hxg6 19.Qh2 Rxf3 20.Qxb8 Bxc3 21.Rh3 Rxh3 22.Bxh3 Bf6
23.e5 Be7 24.Bg2 Qc7 25.Qxc7 Nxc7 26.c4 a5 27.Be4 g5 28.Bb6 Na6 29.Bxa5 g4
30.Rg1 Nc5 31.Bc2 d5 32.exd6 Bxd6 33.Rxg4 e5 34.Rg1 e4 35.Bc3 Bf4+ 36.Kd1 g5
37.b4 Nd3 38.Bxd3 exd3 39.Bd2  1-0

[Event "TCh-ISL 2009-10"]
[Site "Rekjavik ISL"]
[Date "2009.09.25"]
[Round "1"]
[White "Kjartansson,Dav"]
[Black "Thorfinnsson,Br"]
[Result "0-1"]
[WhiteElo "2303"]
[BlackElo "2360"]

1.e4 c5 2.Nf3 e6 3.d4 cxd4 4.Nxd4 Nc6 5.Nc3 Qc7 6.Be2 a6 7.Nxc6 bxc6 8.O-O d5
9.Re1 Be7 10.Bf1 Nf6 11.e5 Nd7 12.Qg4 g6 13.Qg3 h5 14.h4 Rb8 15.Nd1 Qd8 16.Bg5 Bxg5
17.hxg5 h4 18.Qe3 c5 19.f4 Qc7 20.b3 Bb7 21.Kh2 Nb6 22.Qh3 d4 23.c4 Nc8 24.Bd3 Ne7
25.Nf2 Nf5 26.Ng4 Rd8 27.a3 Kf8 28.b4 Kg7 29.Rab1 Ba8 30.Rb2 Qd7 31.Kg1 Qa4
32.Bc2 Qc6 33.Bd3 Ng3 34.Nh6 Qa4 35.Qxh4 Qxa3 36.Rd2 Qxb4 37.Rdd1 Nf5 38.Bxf5 exf5
39.e6 Qxc4 40.exf7 Qd5 41.Rd2 d3 42.Re7 Qd4+ 43.Kh1 Rdf8 44.Re8 Rxe8 45.fxe8=Q Rxe8
46.Nxf5+ gxf5 47.Qh6+ Kf7 48.Rxd3 Re1+ 49.Kh2 Qg1+  0-1

[Event "TCh-ISL 2009-10"]
[Site "Rekjavik ISL"]
[Date "2009.09.25"]
[Round "1"]
[White "Brynjarsson,H"]
[Black "Bjornsson,Si"]
[Result "0-1"]
[WhiteElo "1969"]
[BlackElo "2287"]

1.e4 c5 2.Nc3 Nc6 3.Nf3 e6 4.d4 cxd4 5.Nxd4 Qc7 6.Be3 a6 7.Be2 Nf6 8.f3 b5
9.O-O Bb7 10.Nb3 Bd6 11.g3 Bxg3 12.hxg3 Qxg3+ 13.Kh1 Ne5 14.Nc5 Nfg4 15.fxg4 Qh3+
16.Kg1 Qxe3+ 17.Rf2 Qxc5 18.a3 O-O 19.Qd2 f5 20.exf5 exf5  0-1

[Event "69th ch-ITA s/f"]
[Site "Arvier ITA"]
[Date "2009.09.26"]
[Round "1"]
[White "Dvirnyy,D"]
[Black "Rettore,L"]
[Result "1-0"]
[WhiteElo "2440"]
[BlackElo "2175"]

1.e4 c5 2.Nf3 e6 3.d4 cxd4 4.Nxd4 Nc6 5.Nc3 d6 6.Be3 Nf6 7.Bc4 Be7 8.Qe2 O-O
9.O-O-O Qc7 10.Bb3 a6 11.g4 Nxd4 12.Rxd4 b5 13.g5 Nd7 14.Rg1 Nc5 15.f4 Bb7
16.f5 Nxb3+ 17.axb3 Rfe8 18.f6 Bf8 19.e5 dxe5 20.Rh4 g6 21.Qg4 Rac8 22.Qh3 h5
23.Kb1 b4 24.Rxh5 gxh5 25.Qxh5 Bf3 26.Qxf3 bxc3 27.g6 fxg6 28.Rxg6+ Kf7 29.Qh5  1-0

[Event "SPICE Cup B"]
[Site "Lubbuck USA"]
[Date "2009.09.26"]
[Round "8"]
[White "Robson,R"]
[Black "Diamant,A"]
[Result "1-0"]
[WhiteElo "2491"]
[BlackElo "2520"]

1.e4 c5 2.Nf3 e6 3.d4 cxd4 4.Nxd4 Nc6 5.Nc3 a6 6.Be3 Nf6 7.Qd2 Bb4 8.f3 d5
9.a3 Qa5 10.Nb3 Bxc3 11.bxc3 Qc7 12.c4 dxe4 13.Bc5 exf3 14.gxf3 Ne7 15.O-O-O Nf5
16.Bh3 b6 17.Bb4 a5 18.Bc3 a4 19.Be5 Qe7 20.Bxf5 exf5 21.Bd6 Qd8 22.Qg2 axb3
23.Bb4 Qc7 24.Qxg7  1-0

[Event "TCh-NED 2009-10"]
[Site "Netherlands NED"]
[Date "2009.09.26"]
[Round "1"]
[White "Spoelman,W"]
[Black "Kabatianski,A"]
[Result "1/2-1/2"]
[WhiteElo "2554"]
[BlackElo "2420"]

1.e4 c5 2.Nf3 e6 3.d4 cxd4 4.Nxd4 Nc6 5.Nc3 Qc7 6.Be3 a6 7.Qd2 Nf6 8.O-O-O Bb4
9.f3 O-O 10.g4 Ne5 11.g5 Nh5 12.Kb1 Bxc3 13.Qxc3 Qxc3 14.bxc3 d5 15.Be2 Ng6
16.exd5 exd5 17.Rhe1 Bh3 18.Bd3 Rfe8 19.Bf5 Bxf5 20.Nxf5 Re5 21.Nd6 Rd8 22.Nc4 Re6
23.Nb6 Nhf4 24.Bf2 Rde8 25.Rxe6 Rxe6 26.c4 Ne7  1/2-1/2

[Event "Galicia Festival Blitz"]
[Site "Ourense ESP"]
[Date "2009.09.26"]
[Round "7"]
[White "Salgado Lopez,I"]
[Black "Korneev,O"]
[Result "1/2-1/2"]
[WhiteElo "2555"]
[BlackElo "2554"]

1.e4 c5 2.Nf3 e6 3.d4 cxd4 4.Nxd4 Nc6 5.Nc3 Qc7 6.Be3 a6 7.Qd2 Nf6 8.O-O-O Be7
9.f3 O-O 10.g4 b5 11.g5 Ne8 12.Nxc6 dxc6 13.f4 b4 14.Ne2 Nd6 15.Ng3 c5 16.e5 Nf5
17.Nxf5 exf5 18.Bc4 Rd8 19.Qe2 Be6 20.h4 Qc6 21.h5 Qe4 22.Bd3 Qc6 23.b3 a5
24.g6 fxg6 25.hxg6 h6 26.Bb5 Qe4 27.Bc4 Bxc4 28.Qxc4+ Qxc4 29.bxc4 Rxd1+
30.Rxd1 Ra6 31.Rd7 Kf8 32.Rb7 Ke8 33.Rb8+ Kd7 34.Rb7+ Ke8 35.Rb8+ Kd7 36.Rb7+ Kd8
37.Rb5 Rxg6 38.Rxa5 h5 39.Bxc5 Bxc5 40.Rxc5 h4 41.Rd5+ Ke7 42.Rd2 Rg4 43.Rf2 Ke6
44.Kb2 g5 45.fxg5 Rxc4  1/2-1/2

[Event "TCh-ISL 2009-10"]
[Site "Rekjavik ISL"]
[Date "2009.09.26"]
[Round "2"]
[White "Tairi,F"]
[Black "Kristinsson,Ba"]
[Result "1-0"]
[WhiteElo "2298"]
[BlackElo "2166"]

1.e4 c5 2.Nf3 Nc6 3.Nc3 e6 4.d4 cxd4 5.Nxd4 a6 6.Be3 Nge7 7.Nb3 Ng6 8.f4 Qc7
9.Qd2 b5 10.O-O-O Na5 11.Nxa5 Qxa5 12.Kb1 b4 13.Ne2 Bc5 14.h4 Qb6 15.Bxc5 Qxc5
16.h5 Ne7 17.Ng3 d5 18.h6 g6 19.exd5 Nxd5 20.Ne4 Qb6 21.Bc4 Ne3 22.Bb5+ axb5
23.Nd6+ Kf8 24.Qxb4 Ra4 25.Qc3 Ke7 26.Qxh8 Bd7 27.Rd3 Rxf4 28.Qxh7 Nd5 29.Nxf7 Rxf7
30.Qxf7+  1-0

[Event "TCh-ISL 2009-10"]
[Site "Rekjavik ISL"]
[Date "2009.09.26"]
[Round "2"]
[White "Thorsteinsson,B"]
[Black "Gudmundsson,El"]
[Result "1/2-1/2"]
[WhiteElo "2229"]
[BlackElo "2314"]

1.e4 c5 2.Nf3 e6 3.d4 cxd4 4.Nxd4 Nc6 5.Nc3 Qc7 6.Be2 a6 7.O-O Nf6 8.Be3 Bb4
9.Na4 O-O 10.Nxc6 bxc6 11.Nb6 Rb8 12.Nxc8 Rfxc8 13.Bxa6 Re8 14.Bd3 Bd6 15.f4 e5
16.f5 Rxb2 17.g4 h6 18.h4 Bf8 19.g5 Nd5 20.exd5 e4 21.Bf4 Qa7+ 22.Kh1 exd3
23.Qxd3 hxg5 24.hxg5 Rxa2 25.Rxa2 Qxa2 26.dxc6 dxc6 27.Kg2 Bc5 28.Bd2 Bb6
29.Re1 Rd8 30.g6 Qd5+ 31.Qxd5 cxd5 32.Re7 fxg6 33.fxg6 Bd4 34.Ba5 Rc8 35.Rd7 Rxc2+
36.Kf3 Rf2+  1/2-1/2

[Event "18th TCh-CRO"]
[Site "Sibenik CRO"]
[Date "2009.09.26"]
[Round "6"]
[White "Kutuzovic,B"]
[Black "Doric,D"]
[Result "1/2-1/2"]
[WhiteElo "2321"]
[BlackElo "2456"]

1.e4 c5 2.Nf3 e6 3.d4 cxd4 4.Nxd4 Nc6 5.Nc3 Qc7 6.g3 a6 7.Bg2 d6 8.O-O Bd7
9.Re1 Be7 10.Nxc6 Bxc6 11.a4 Nf6 12.a5 O-O 13.Be3 Nd7 14.Na4 Rae8 15.Nb6 Nxb6
16.Bxb6 Qd7 17.Qd3 f5 18.exf5 Bxg2 19.Kxg2 Rxf5 20.c4 Bf8 21.Kg1 Qf7 22.Re2 Rc8
23.Rae1 d5 24.Rxe6 dxc4 25.Qe4 Bb4 26.Re2 h6 27.Rc2 Bxa5  1/2-1/2

[Event "74th ch-ESP Absoluto"]
[Site "Palma de Mallorca ESP"]
[Date "2009.09.27"]
[Round "2"]
[White "Munar Rossello,P"]
[Black "Vehi Bach,V"]
[Result "0-1"]
[WhiteElo "2144"]
[BlackElo "2381"]

1.e4 c5 2.Nf3 e6 3.d4 cxd4 4.Nxd4 Nc6 5.Nc3 Qc7 6.Be3 a6 7.Qd2 Nf6 8.O-O-O Bb4
9.f3 O-O 10.Kb1 d5 11.Bg5 dxe4 12.Bxf6 gxf6 13.Qh6 Bxc3 14.bxc3 Qe7 15.fxe4 Kh8
16.Rd3 Rg8 17.Rh3 Rg7 18.Rg3 Rg6 19.Rxg6 fxg6 20.h4 Bd7 21.Qe3 Rc8 22.Be2 Nxd4
23.cxd4 Qb4+ 24.Ka1 Rxc2  0-1